000 00596nam a22001457a 4500
999 _c20477
_d20477
008 240815b ||||| |||| 00| 0 eng d
082 _22023
_aUT
100 _aDuropan, Jerick Josef L.
_957823
245 _aFarmers' willingness-to-accept new varieties of hybrid rice in sinayawan :
_bbasis for marketing information dissemination /
_cJerick Josef L. Duropan and Al Francis C. Torres
260 _aDigos City :
_bUMDC,
_cMay 2023.
300 _aviii, 44 pages :
_c30 cm.
650 _aMarketing Management.
_xUndergraduate Thesis.
_957491
700 _aTorres, Al Francis C.
_957824
942 _2ddc
_cUT